| 000 | 02856nkm0a2200493 4500 | ||
|---|---|---|---|
| 001 | RU\NLR\BIBL_A\022687825 | ||
| 005 | 20260408122428.0 | ||
| 035 | _a(NLR Aleph) 022687825 | ||
| 090 |
_a13505449 _c13505449 |
||
| 100 | _a20251215d1883 u y0rusy50 ca | ||
| 101 | 0 | _arus | |
| 102 | _aRU | ||
| 116 | _aiiycxx bf zz | ||
| 135 | _acrcn 024anaba | ||
| 181 | 0 |
_ab4 _bxb2e |
|
| 182 | 0 | _an | |
| 200 | 1 |
_a[Император Александр III и императрица Мария Федоровна] _eкоронованы в Москве 15 мая 1883 года _e[календарная стенка] |
|
| 203 |
_aИзображение _bнеподвижное _bдвухмерное _bвизуальное _cнепосредственное |
||
| 210 |
_a[Москва] _cЛитог. И. И. Пашкова _dценз. 1883 |
||
| 215 |
_a1 л. _cхромолитогр. _d35,7х21,2 |
||
| 300 | _aЦенз. разрешение: Доз. цен. августа 3 дня 1883 г. | ||
| 325 | _aКопия доступна в Электрон. б-ке РНБ | ||
| 327 | 0 | _aДвойной портрет, в рост, в коронационных мантиях, с императорскими регалиями | |
| 600 | 0 |
_aАлександр _cимператор российский _dIII _f1845 - 1894 _jКалендарные стенки _9923671 _3RU\NLR\AUTH\6620203 |
|
| 600 | 0 |
_aМария Федоровна _cимператрица российская _f1847 - 1928 _jКалендарные стенки _92073139 _3RU\NLR\AUTH\661248014 |
|
| 606 | 1 |
_aКалендарные стенки _92185775 _3RU\NLR\AUTH\6601550393 |
|
| 610 | 1 | _aПортретные изоиздания | |
| 610 | 1 | _aДвойные портреты | |
| 686 | 1 | _aЩ150.489 | |
| 702 | 0 |
_4570 _8rus _7ca _aАлександр _cимператор российский _dIII _f1845-1894 _3RU\NLR\AUTH\778634 _9118533 |
|
| 702 | 0 |
_4570 _8rus _7ca _aМария Федоровна _cимператрица российская _f1847-1928 _3RU\NLR\AUTH\7710845 _9120609 |
|
| 712 | 0 | 0 |
_4650 _4610 _aПашков, _gИосиф Иванович, _hлитография _cМосква _3RU\NLR\AUTH\880411177 _9487917 |
| 852 | 0 | 0 |
_aNLR _bЭ _jПр.гр./К171-П _mЭаф12796 |
| 856 | 0 | _uhttps://vivaldi.nlr.ru/lp500003384/view | |
| 856 | 1 | _uhttps://vivaldi.nlr.ru/lp500003384/cover | |
| 856 | 2 | _uhttps://vivaldi.nlr.ru/lp500003384/text | |
| 942 | _cVISUAL | ||
| 980 | _aNB | ||
| 981 | 2 | 2 |
_a(22) Материалы по истории России _b(22) Российский императорский дом |
| 981 | 1 | 7 |
_a(17) Изографические материалы _b(17) Прикладная графика |